000 00375nam a22001457a 4500
020 _qPB.
040 _cFIZZA ISHAQ
082 _a612.82
_bNEI
100 _aNEIL R.CARLSON.
_9132490
245 _aFOUNDATIONS OF BEHAVIORAL NEUROSCIENCE /
_cNEIL R.CARLSON.
250 _a8TH ED.
260 _aNEW YORK;
_bPEARSON,
_c2011.
300 _a556 P. ;
_c10.8X8.3IN
942 _2ddc
_cBK
999 _c615642
_d615642